00633nam a2200205 a 450000100060000000300090000600800410001502000180005604000280007408200180010210000220012024500470014224600520018926000470024130000200028865000320030865000460034065000130038665000280039924279CO-ViMGA141112s2004 ck r 000 u spa d a9789584526052 aCO-ViMGAbspacCO-ViMGA04a155.333 N122p1 aNader Mora, Lucia10a¿Por qué tan sola? / cLucia Nader Mora aEnriquezca su soledad y construya independencia aColombia : bGrupo Editorial Norma, c2010 a288 p. : 23 cms14aMujeres - Conducta sexual 14aMujeres - Cuestiones sociales y morales 14aSoledad 14aTécnicas de Autoayuda